000 00527nam a2200181Ia 4500
008 100920s9999 xx 000 0 und d
082 _b100128
_a--- न 07
100 _aनाईक संजय.
245 _aरंग-ढंग.
260 _bमेघना प्रकाशन, पुणे.
_c2007
300 _a199
_bसाधी
365 _b190
520 _aकादंबरी.
630 _aरंग-ढंग.
650 _aकादंबरी.
730 _aरंग-ढंग.
942 _cBOOK
999 _c740566
_d740563